000 004300000a22001690004500
041 0 _aENG
082 0 4 _aG 269.2 C9681s
100 1 _aCulpepper, C. L. (1895- )
245 1 0 _aThe shantung revival / C.L. Culpepper
260 _aDallas, TX., USA : Evangelism
300 _a79 Pag
001 8121
942 _cBK
999 _c38315
_d38315
336 _atexto
_btxt
_2rdacontent
337 _2rdamedia
_asin mediación
_bn
338 _2rdacarrier
_avolumen
_bnc